[Event "Fouesnant op 10th"]
[Site "Fouesnant"]
[Date "2004.10.27"]
[Round "6"]
[White "Gosselin, David"]
[Black "Ladisic, Alex Sacha"]
[Result "1-0"]
[WhiteElo "2052"]
[BlackElo "2114"]
[PlyCount "45"]
[EventDate "2004.10.23"]
[EventType "swiss"]
[EventRounds "9"]
[EventCountry "FRA"]
[SourceTitle "EXT 2007"]
[Source "ChessBase"]
[SourceDate "2006.11.23"]
[SourceVersion "1"]
[SourceVersionDate "2006.11.23"]
[SourceQuality "1"]

1. e4 e5 2. Nf3 Nc6 3. d4 exd4 4. Nxd4 Nf6 5. Nxc6 bxc6 6. e5 Qe7 7. Qe2 Nd5 8. c4 Qb4+ 9. Nd2 Nf4 10. Qe4 Ne6 11. Be2 Bb7 12. a3 Qb6 13. Nf3 c5 14. Qd3 Rd8 15. 0-0 d6 16. Ng5 dxe5 17. Qf5 Nxg5 18. Bxg5 f6 19. Bh5+ g6 20. Bxf6 Be7 21. Bxh8 gxh5 22. Qxh5+ Qg6 23. Qxg6+ 1-0

[Event "Fouesnant op 09th"]
[Site "Fouesnant"]
[Date "2003.10.31"]
[Round "9"]
[White "Gosselin, David"]
[Black "Guezennec, Franck"]
[Result "0-1"]
[WhiteElo "2102"]
[BlackElo "2122"]
[PlyCount "106"]
[EventDate "2003.10.25"]
[EventType "swiss"]
[EventRounds "9"]
[EventCountry "FRA"]
[SourceTitle "EXT 2006"]
[Source "ChessBase"]
[SourceDate "2005.11.24"]
[SourceVersion "1"]
[SourceVersionDate "2005.11.24"]
[SourceQuality "1"]

1. e4 c5 2. Nf3 Nc6 3. d4 cxd4 4. Nxd4 Nf6 5. Nc3 e5 6. Ndb5 d6 7. Nd5 Nxd5 8. exd5 Ne7 9. c3 Nf5 10. Na3 Be7 11. Bb5+ Bd7 12. Qa4 Bxb5 13. Qxb5+ Qd7 14. Qxd7+ Kxd7 15. 0-0 Rac8 16. f4 exf4 17. Rxf4 g6 18. g4 Nh4 19. Rxf7 Rcf8 20. Rxe7+ Kxe7 21. Bg5+ Kd7 22. Bxh4 Rf4 23. h3 h5 24. Bg3 Rf3 25. Kg2 Rd3 26. Rf1 Rxd5 27. Nc2 h4 28. Be1 Rd1 29. Nd4 Rb1 30. Rf7+ Kc8 31. Bf2 Rxb2 32. a4 a6 33. Kf3 Ra2 34. Ne6 Rxa4 35. Rc7+ Kb8 36. Re7 Rc8 37. Bd4 Ra1 38. Rd7 Re8 39. Rxd6 Re1 40. Rd8+ Rxd8 41. Nxd8 Re8 42. Bf6 Kc7 43. Bxh4 a5 44. Bf6 a4 45. Nxb7 Kxb7 46. c4 Rf8 47. g5 a3 48. Ke2 a2 49. Ba1 Rf4 50. Kd3 Rf1 51. Bg7 a1Q 52. Bxa1 Rxa1 53. Ke4 Rf1 0-1

[Event "Fouesnant op 09th"]
[Site "Fouesnant"]
[Date "2003.10.27"]
[Round "4"]
[White "Gosselin, David"]
[Black "Illien, Jean Marc"]
[Result "1-0"]
[WhiteElo "2102"]
[BlackElo "1900"]
[PlyCount "59"]
[EventDate "2003.10.25"]
[EventType "swiss"]
[EventRounds "9"]
[EventCountry "FRA"]
[SourceTitle "EXT 2006"]
[Source "ChessBase"]
[SourceDate "2005.11.24"]
[SourceVersion "1"]
[SourceVersionDate "2005.11.24"]
[SourceQuality "1"]

1. e4 c5 2. Nf3 Nc6 3. d4 cxd4 4. Nxd4 g6 5. Nc3 Bg7 6. Be3 Nf6 7. Be2 0-0 8. 0-0 d5 9. exd5 Nb4 10. Qd2 Nbxd5 11. Nxd5 Nxd5 12. Bh6 Bxh6 13. Qxh6 e5 14. Nf3 Qf6 15. Bc4 Ne7 16. Rfe1 Nf5 17. Qg5 Qxg5 18. Nxg5 Nd4 19. Rxe5 h6 20. Nxf7 Kg7 21. Nd6 Nxc2 22. Rd1 Kf6 23. Re2 Nb4 24. Ne8+ Kg5 25. h4+ Kxh4 26. g3+ Kg5 27. f4+ Kg4 28. Re3 g5 29. Be2+ Kh3 30. Kf2 1-0

[Event "FRA-chT3 01"]
[Site "France"]
[Date "2001.04.01"]
[Round "9"]
[White "Gosselin, David"]
[Black "Guereven, Sonia"]
[Result "1/2-1/2"]
[WhiteElo "1980"]
[BlackElo "1780"]
[PlyCount "98"]
[EventDate "2001.??.??"]
[EventType "team"]
[EventRounds "9"]
[EventCountry "FRA"]
[SourceTitle "EXT 2002"]
[Source "ChessBase"]
[SourceDate "2001.11.25"]
[SourceVersion "1"]
[SourceVersionDate "2001.11.25"]
[SourceQuality "1"]
[WhiteTeam "Equeurdreville"]
[BlackTeam "Fouesnant"]
[WhiteTeamCountry "FRA"]
[BlackTeamCountry "FRA"]

1. Nf3 e6 2. b3 d5 3. Bb2 c5 4. e3 Nc6 5. Bb5 Bd7 6. 0-0 Nf6 7. c4 Bd6 8. d4 cxd4 9. cxd5 exd5 10. Nxd4 a6 11. Be2 Qc7 12. h3 Qc8 13. Nc3 0-0 14. Nxc6 bxc6 15. e4 Bxh3 16. exd5 c5 17. Bf3 Bg4 18. Ne4 Nxe4 19. Bxg4 Qd8 20. Qd3 Nf6 21. Bf3 Ra7 22. g3 h5 23. Kg2 Bb8 24. Rh1 Qd6 25. Rad1 Rd7 26. Qf5 Rfd8 27. Bxf6 Qxf6 28. Qxh5 g6 29. Qh7+ Kf8 30. Rde1 Qg7 31. Qh8+ Qxh8 32. Rxh8+ Kg7 33. Ree8 Bc7 34. Kf1 Ba5 35. Ke2 Rxe8+ 36. Rxe8 Kf6 37. Be4 Bb4 38. Kd3 Be1 39. Ke2 Bb4 40. f3 Rd6 41. f4 Rd7 42. g4 g5 43. fxg5+ Kxg5 44. Ke3 Kf6 45. Rg8 Ke5 46. Rg5+ Kd6 47. Rf5 Bc3 48. Rh5 Ke7 49. g5 Rd6 1/2-1/2